LEADER 02603oas 22008773a 450 001 9910132824403321 005 20251008213014.0 011 $a2160-3189 035 $a(OCoLC)61123981 035 $a(CONSER) 2011201678 035 $a(CKB)110978977287094 035 $a(EXLCZ)99110978977287094 100 $a20050722a19919999 sy a 101 0 $aeng 135 $aurun||||||||| 181 $ctxt$2rdacontent 182 $cc$2rdamedia 183 $acr$2rdacarrier 200 10$aFeed & grain $eyour information resource for profitable growth 210 $aFort Atkinson, WI $cJohnson Hill Press 210 3 $aFort Atkinson, WI $cCygnus Business Media 300 $aDecember issue called Showcase issue. 311 08$a1055-3223 517 1 $aFeed and grain 517 1 $aFeed & grain: your source for improving efficiencies in handling storage and grain processing 517 1 $aCygnus feed & grain 531 0 $aFeed grain 606 $aFlour industry$vPeriodicals 606 $aFeed industry$vPeriodicals 606 $aGrain trade$vPeriodicals 606 $aFlour industry$xEquipment and supplies$vPeriodicals 606 $aFeed industry$xEquipment and supplies$vPeriodicals 606 $aGrain trade$xEquipment and supplies$vPeriodicals 606 $aFeed industry$2fast$3(OCoLC)fst00922403 606 $aFlour industry$2fast$3(OCoLC)fst00927741 606 $aGrain trade$2fast$3(OCoLC)fst00946068 606 $aMeunerie$vPe?riodiques 606 $aAliments pour animaux$xIndustrie$vPe?riodiques 606 $aCe?re?ales$xCommerce$vPe?riodiques 608 $aPeriodicals.$2fast 615 0$aFlour industry 615 0$aFeed industry 615 0$aGrain trade 615 0$aFlour industry$xEquipment and supplies 615 0$aFeed industry$xEquipment and supplies 615 0$aGrain trade$xEquipment and supplies 615 7$aFeed industry. 615 7$aFlour industry. 615 7$aGrain trade. 615 6$aMeunerie 615 6$aAliments pour animaux$xIndustrie 615 6$aCe?re?ales$xCommerce 676 $a338 676 $a338 801 0$bOCLCS 801 1$bOCLCS 801 2$bOCLCS 801 2$bLGG 801 2$bOCLCQ 801 2$bDLC 801 2$bOCLCQ 801 2$bOCLCO 801 2$bVT2 801 2$bOCLCQ 801 2$bOCLCF 801 2$bOCLCQ 801 2$bUAB 801 2$bOCLCL 801 2$bSRU 801 2$bUUM 801 2$bUEJ 801 2$bCSU 906 $aJOURNAL 912 $a9910132824403321 996 $aFeed & grain$92188783 997 $aUNINA